Conociendo reglas e inventando estrategias : (Registro nro. 7156)
[ vista simple ]
| 000 -LEADER | |
|---|---|
| fixed length control field | 01561cam a2200277 i 4500 |
| 003 - CONTROL NUMBER IDENTIFIER | |
| control field | OSt |
| 005 - DATE AND TIME OF LATEST TRANSACTION | |
| control field | 20210211111052.0 |
| 008 - FIXED-LENGTH DATA ELEMENTS--GENERAL INFORMATION | |
| fixed length control field | 131026s2012 ck a b 000 0 spa |
| 010 ## - LIBRARY OF CONGRESS CONTROL NUMBER | |
| LC control number | 2013452668 |
| 020 ## - INTERNATIONAL STANDARD BOOK NUMBER | |
| International Standard Book Number | 9789588467115 |
| 040 ## - CATALOGING SOURCE | |
| Original cataloging agency | DLC |
| Transcribing agency | CO-JMCR |
| 041 0# - LANGUAGE CODE | |
| Language code of text/sound track or separate title | spa |
| 082 04 - DEWEY DECIMAL CLASSIFICATION NUMBER | |
| Classification number | 371.826914 / |
| Item number | V144c |
| Edition number | 23 |
| 100 1# - MAIN ENTRY--PERSONAL NAME | |
| Personal name | Valderrama Alarcón, Camilo Andrés, |
| Relator term | autor |
| 9 (RLIN) | 13308 |
| 245 10 - TITLE STATEMENT | |
| Title | Conociendo reglas e inventando estrategias : |
| Remainder of title | apropiación de bienes materiales y simbólicos del campo escolar por niños, niñas y adolescentes víctimas del desplazamiento forzado / |
| Statement of responsibility, etc. | Camilo Andrés Valderrama Alarcón. |
| 250 ## - EDITION STATEMENT | |
| Edition statement | Primera edición. |
| 264 ## - PRODUCTION, PUBLICATION, DISTRIBUTION, MANUFACTURE, AND COPYRIGHT NOTICE | |
| Place of production, publication, distribution, manufacture | Bogotá : |
| Name of producer, publisher, distributor, manufacturer | CINDE Fundación Centro Internacional de Educación y Desarrollo Humano, |
| Date of production, publication, distribution, manufacture, or copyright notice | 2012 |
| 300 ## - PHYSICAL DESCRIPTION | |
| Extent | 153 páginas : |
| Other physical details | ilustraciones, gráficos en blanco y negro ; |
| Dimensions | 21 cm. |
| 490 0# - SERIES STATEMENT | |
| Series statement | Colección Socialización política |
| 500 ## - GENERAL NOTE | |
| General note | Originally presented as the author's thesis (master's)--Universidad Pedagógica Nacional, 2012. |
| 504 ## - BIBLIOGRAPHY, ETC. NOTE | |
| Bibliography, etc. note | Bibliografía: páginas 147-152. |
| 505 0# - FORMATTED CONTENTS NOTE | |
| Formatted contents note | una aproximación al desplazamiento forzado desde la escuela -- Derecho a la educación en el marco del conflicto armado colombiano -- Bases teóricas para una interpretación del complejo mundo de la escuela -- Restauración del derecho a la educación de los menores desplazados: más allá del problema de la cobertura y el subsidio escolar |
| 650 24 - SUBJECT ADDED ENTRY--TOPICAL TERM | |
| Topical term or geographic name entry element | Migración forzada |
| General subdivision | Education |
| Geographic subdivision | Colombia. |
| 9 (RLIN) | 13309 |
| 650 24 - SUBJECT ADDED ENTRY--TOPICAL TERM | |
| Topical term or geographic name entry element | Niños refugiados |
| General subdivision | Educación |
| Geographic subdivision | Colombia. |
| 9 (RLIN) | 13310 |
| 942 ## - ADDED ENTRY ELEMENTS (KOHA) | |
| Source of classification or shelving scheme | Dewey Decimal Classification |
| Koha item type | Books |
| Withdrawn status | Lost status | Source of classification or shelving scheme | Damaged status | Not for loan | Home library | Current library | Shelving location | Date acquired | Source of acquisition | Total Checkouts | Full call number | Barcode | Date last seen | Copy number | Price effective from | Koha item type |
|---|---|---|---|---|---|---|---|---|---|---|---|---|---|---|---|---|
| Dewey Decimal Classification | Biblioteca Pública José María del Castillo y Rada | Biblioteca Pública José María del Castillo y Rada | General Stacks | 10/02/2020 | Donación | 371.826914 / V144c | 201810423 | 05/16/2024 | Ej.1 | 10/02/2020 | Books |